[Event "IECC CL3-2000.58"]
[Site "IECC email"]
[Date "2000.11.19"]
[Round "?"]
[White "Rossi, Giovanni"]
[Black "Popov, Boris"]
[Result "1-0"]
[WhiteElo "1956"]
[BlackElo "1928"]
[PlyCount "63"]
[EventDate "2000.??.??"]
[EventType "tourn (corr)"]
[EventRounds "4"]
[SourceTitle "Corr 2008"]
[Source "ChessBase"]
[SourceDate "2008.06.24"]
[SourceVersion "1"]
[SourceVersionDate "2008.06.24"]
[SourceQuality "1"]

1. e4 c5 2. Nf3 d6 3. d4 cxd4 4. Nxd4 Nf6 5. Nc3 g6 6. Be2 Bg7 7. 0-0 0-0 8. Be3 Nc6 9. Nb3 a5 10. a4 Be6 11. f4 Nb4 12. Nd4 Rc8 13. Bf3 Bc4 14. Rf2 Nd7 15. Rd2 Ba6 16. Ncb5 e5 17. fxe5 Nxe5 18. Be2 Qe7 19. c3 Nbc6 20. Nb3 Rcd8 21. Bb6 Rd7 22. Nxa5 Bh6 23. Rd5 f5 24. Nc4 fxe4 25. Rxd6 Bf4 26. Qd5+ Kh8 27. Nxe5 Rxd6 28. Nxd6 Nxe5 29. Bxa6 Qh4 30. h3 Nf3+ 31. Kf1 bxa6 32. Nxe4 1-0